Impact of finer grid resolution on the spatial distribution of vehicle emissions inventories /

Wedi'i Gadw mewn:
Manylion Llyfryddiaeth
Prif Awdur: Niemeier, Debbie A.
Awduron Eraill: Zheng, Yi.
Fformat: Erthygl
Iaith:English
Pynciau:
Tagiau: Ychwanegu Tag
Dim Tagiau, Byddwch y cyntaf i dagio'r cofnod hwn!
Thư viện lưu trữ: Thư viện Trường Đại học Đà Lạt
LEADER 00982nam a2200325 4500
001 DLU090094576
005 ##20091201
040 # # |a DLU  |b eng 
041 # # |a eng 
044 # # |a us 
100 # # |a Niemeier, Debbie A.  
245 # # |a Impact of finer grid resolution on the spatial distribution of vehicle emissions inventories /  |c Debbie A. Niemeier, Yi Zheng. 
653 # # |a Air pollution 
653 # # |a Air quality 
653 # # |a Atmospheric dispersion 
653 # # |a Emission inventory 
653 # # |a High resolution 
653 # # |a Motor vehicle 
653 # # |a Road traffic 
700 # # |a Zheng, Yi. 
773 # # |t Environmental Science & Technology  |g Vol. 38, no. 7 (April 2004), p. 2133-2141 
920 # # |a Phòng Tạp chí -- Trung tâm Thông tin - Thư viện Trường Đại học Đà Lạt 
994 # # |a DLU 
900 # # |a True 
911 # # |a Trương Bảo Trâm Anh 
925 # # |a G 
926 # # |a A 
927 # # |a BB 
980 # # |a Thư viện Trường Đại học Đà Lạt